Normas internacionales de informacin̤ financiera NIIF

Detalles Bibliográficos
Autor principal: Godoy Ramr̕ez, Eduardo
Formato: eBook
Lenguaje:español
Publicado: Bogot:̀ Grupo Editorial Nueva Legislacin̤, 2014
Materias:
Acceso en línea:Acceso restringido

MARC

LEADER 00000nam a22000007a 4500
005 20180720230842.0
007 cr|||| ||||
008 180720s2014 co |||||s|||| 00||0 spa d
020 |a 978-958-8802-19-0 
035 |a 21932 
040 |a vLex 
090 |c 8079  |d 8079 
100 1 |a Godoy Ramr̕ez, Eduardo 
245 1 0 |a Normas internacionales de informacin̤ financiera NIIF  |h [Recurso electrn̤ico] /  |c Eduardo Godoy Ramr̕ez 
256 |a Servicio en ln̕ea 
260 |a Bogot:̀  |b Grupo Editorial Nueva Legislacin̤,  |c 2014 
300 |a 1 recurso electrn̤ico 
506 1 |a Disponible solo en los productos indicados  |d vLex Global  |d vLex Global (Academic Edition, excluding Law Schools)  |d vLex Global (U.S. Academic Edition, Law Schools)  |d vLex Global (U.S. Academic Edition, excluding Law Schools)  |d vLex Global (Academic Edition, Law Schools) 
650 0 4 |a Financiero  |z Colombia 
740 0 |a vLex Libros (Servicio en ln̕ea) 
856 4 0 |u http://vlex.com/source/normas-internacionales-de-informacion-financiera-niif-21932  |z Acceso restringido 
942 |c BOOK 
999 0 |a Financial